[Event "Roger Lemelin"]
[Site "Montreal CAN"]
[Date "1982.10.10"]
[Round "4"]
[White "Rousseau, Daniel"]
[Black "Spraggett, Kevin"]
[Result "0-1"]
[WhiteElo "2229"]
[BlackElo "2525"]
[PlyCount "94"]
[GameId "2160767912811253"]
[EventDate "1982.10.09"]
[EventType "swiss"]
[EventRounds "6"]
[EventCountry "CAN"]
[SourceTitle "hb 2011"]

1. e4 c5 2. Nf3 e6 3. d4 cxd4 4. Nxd4 Nc6 5. Be2 Nf6 6. Nc3 d6 7. Be3 Be7 8. O-O O-O 9. f4 a6 10. Bf3 Bd7 11. Nb3 Rb8 12. Na4 b5 13. Nb6 Qc7 14. Nxd7 Nxd7 15. a4 Nb6 16. axb5 axb5 17. Rb1 Nc4 18. Bf2 e5 19. g3 Bf6 20. c3 Ne7 21. Nc1 Rfd8 22. Qd3 d5 23. exd5 exf4 24. gxf4 Nb6 25. Bxb6 Rxb6 26. Ne2 Nxd5 27. Bxd5 Qc5+ 28. Kg2 Rxd5 29. Qf3 Rd2 30. Rf2 Rbd6 31. Ng3 Rxf2+ 32. Qxf2 Qc6+ 33. Kf1 g6 34. Re1 Bd8 35. Qg2 Qd7 36. Ne4 Rd5 37. Qf3 Kg7 38. Kg2 h5 39. h3 Bc7 40. c4 Rf5 41. Qc3+ f6 42. Ng5 Bxf4 43. Ne6+ Kh6 44. cxb5 Qd5+ 45. Kg1 Bh2+ 46. Kxh2 Rf2+ 47. Kg3 Qg2+ 0-1

[Event "Roger Lemelin"]
[Site "Montreal CAN"]
[Date "1982.10.11"]
[Round "5"]
[White "Picard, Claude"]
[Black "Rousseau, Daniel"]
[Result "1/2-1/2"]
[WhiteElo "1899"]
[BlackElo "2229"]
[PlyCount "107"]
[GameId "2160767912811256"]
[EventDate "1982.10.09"]
[EventType "swiss"]
[EventRounds "6"]
[EventCountry "CAN"]
[SourceTitle "hb 2011"]

1. e4 e5 2. Nf3 Nc6 3. Bb5 a6 4. Ba4 Nf6 5. O-O Be7 6. Re1 b5 7. Bb3 d6 8. c3 O-O 9. h3 Bb7 10. d4 Re8 11. Nbd2 Bf8 12. Bc2 g6 13. b3 exd4 14. cxd4 Nb4 15. Bb1 c5 16. a3 Nc6 17. d5 Ne5 18. Nxe5 Rxe5 19. Bb2 Re8 20. Nf3 Bg7 21. Bd3 Rc8 22. Rc1 Qb6 23. Rc2 Rc7 24. g4 Rce7 25. Qa1 Nxd5 26. Bxg7 f5 27. Bh6 fxg4 28. exd5 gxf3 29. Kh2 Bxd5 30. Qf6 Qc7 31. Rxe7 Qxe7 32. Qxe7 Rxe7 33. Rb2 c4 34. bxc4 bxc4 35. Bb1 Re2 36. Rxe2 fxe2 37. Bd2 Be6 38. Kg3 d5 39. Kf3 Bxh3 40. Kxe2 Kf7 41. Bc3 Ke6 42. Ke3 Bf5 43. Bxf5+ Kxf5 44. Kd4 Ke6 45. Bd2 h5 46. f3 h4 47. Bg5 h3 48. Bf4 Kf5 49. Bg3 g5 50. Bh2 g4 51. f4 Ke6 52. Bg3 Kf5 53. Bh2 Ke6 54. Bg3 1/2-1/2

[Event "Roger Lemelin"]
[Site "Montreal CAN"]
[Date "1982.10.11"]
[Round "6"]
[White "Williams, Leo"]
[Black "Rousseau, Daniel"]
[Result "1/2-1/2"]
[WhiteElo "2108"]
[BlackElo "2229"]
[PlyCount "111"]
[GameId "2160767912811259"]
[EventDate "1982.10.09"]
[EventType "swiss"]
[EventRounds "6"]
[EventCountry "CAN"]
[SourceTitle "EXT 2022"]
[Source "ChessBase"]
[SourceDate "2021.10.06"]
[SourceVersion "1"]
[SourceVersionDate "2021.10.06"]
[SourceQuality "1"]

1. e4 e5 2. Nf3 Nc6 3. Bb5 a6 4. Ba4 Nf6 5. O-O Be7 6. Re1 b5 7. Bb3 d6 8. c3 O-O 9. h3 Bb7 10. d4 Re8 11. a4 h6 12. Nbd2 Bf8 13. Bc2 g6 14. d5 Ne7 15. Bd3 c6 16. dxc6 Bxc6 17. axb5 axb5 18. Rxa8 Qxa8 19. Qe2 Qb8 20. b4 d5 21. Bb2 Nd7 22. Nh2 f5 23. exf5 gxf5 24. Nb3 Qd6 25. Bxb5 Bxb5 26. Qxb5 Rb8 27. Qe2 Bg7 28. Rd1 e4 29. Nf1 Ne5 30. Nc5 f4 31. Qh5 Qc6 32. Ra1 Nc4 33. Ra6 Qe8 34. Qxe8+ Rxe8 35. Ba1 Nf5 36. Re6 Ra8 37. Na6 Nfd6 38. b5 Nxb5 39. Rc6 Nxc3 40. Bxc3 Bxc3 41. Nc7 Rc8 42. Nxd5 Rxc6 43. Ne7+ Kf7 44. Nxc6 e3 45. fxe3 fxe3 46. Ng3 Ke6 47. Kf1 Kd5 48. Ne7+ Ke6 49. Ng6 Ba5 50. Nf4+ Ke5 51. Nd3+ Kd4 52. Ke2 Nd6 53. Nb2 Bd2 54. Nd1 Bc1 55. Nf1 Nc4 56. g4 1/2-1/2

[Event "Cafe Campus"]
[Site "Montreal CAN"]
[Date "1982.10.01"]
[Round "1"]
[White "Rousseau, Daniel"]
[Black "Leutschaft, Martin"]
[Result "1/2-1/2"]
[WhiteElo "2229"]
[BlackElo "1842"]
[PlyCount "147"]
[GameId "2160767912811283"]
[EventDate "1982.10.01"]
[EventType "swiss"]
[EventRounds "5"]
[EventCountry "CAN"]
[SourceTitle "hb 2011"]

1. e4 g6 2. d4 Bg7 3. c4 d6 4. Nc3 Nd7 5. Be3 e5 6. d5 Ne7 7. Qd2 O-O 8. O-O-O f5 9. Bh6 Nc5 10. Bxg7 Kxg7 11. f3 a5 12. Nge2 fxe4 13. Nxe4 Nxe4 14. fxe4 Ng8 15. h3 Qh4 16. Qd3 Nf6 17. Ng3 Nxe4 18. Nxe4 Bf5 19. g4 Bxg4 20. hxg4 Qxh1 21. Be2 Qg2 22. Ng5 Rf2 23. Ne6+ Kg8 24. Re1 Re8 25. Bf1 Qxg4 26. Bh3 Qf3 27. Re3 Qh1+ 28. Qd1 Qxd1+ 29. Kxd1 Rxb2 30. a3 a4 31. Bg4 Rb3 32. Re2 Rxa3 33. Kc1 Rc3+ 34. Kb2 Rxc4 35. Rg2 c6 36. Ng5 Rxg4 37. Rxg4 cxd5 38. Rxa4 h6 39. Nf3 Kf7 40. Rh4 Kg7 41. Rb4 Re7 42. Rb6 Rd7 43. Kc2 Kf6 44. Kd2 g5 45. Ke3 Kf5 46. Nd2 h5 47. Nb3 d4+ 48. Kf2 g4 49. Na5 e4 50. Nxb7 Ke5 51. Na5 Rf7+ 52. Ke1 g3 53. Rb5+ Ke6 54. Nc6 g2 55. Nxd4+ Kd7 56. Ne2 Rf1+ 57. Kd2 g1=Q 58. Nxg1 Rxg1 59. Ke3 Kc6 60. Rxh5 d5 61. Rh8 Rg3+ 62. Kf4 Rg7 63. Ke5 Rd7 64. Rc8+ Rc7 65. Rd8 e3 66. Kd4 Re7 67. Rc8+ Kd6 68. Rc1 Re4+ 69. Kd3 Ke5 70. Rh1 Kf4 71. Rh4+ Kf3 72. Rh3+ Kf2 73. Rh2+ Kg1 74. Re2 1/2-1/2

[Event "Cafe Campus"]
[Site "Montreal CAN"]
[Date "1982.10.02"]
[Round "2"]
[White "Gilbert, Erick"]
[Black "Rousseau, Daniel"]
[Result "0-1"]
[WhiteElo "1852"]
[BlackElo "2229"]
[PlyCount "46"]
[GameId "2160767912811284"]
[EventDate "1982.10.01"]
[EventType "swiss"]
[EventRounds "5"]
[EventCountry "CAN"]
[SourceTitle "hb 2011"]

1. d4 Nf6 2. c4 g6 3. Nc3 Bg7 4. e4 d6 5. Bd3 Nc6 6. Nge2 O-O 7. f3 e5 8. Be3 Nh5 9. d5 Nd4 10. Qd2 c5 11. dxc6 bxc6 12. b4 a6 13. b5 axb5 14. cxb5 Nb3 15. Qb2 Nxa1 16. Qxa1 d5 17. Bc5 Re8 18. bxc6 d4 19. Nd5 Be6 20. c7 Qd7 21. Bc4 Qc6 22. Nxd4 exd4 23. Bxd4 Bxd5 0-1

[Event "Cafe Campus"]
[Site "Montreal CAN"]
[Date "1982.10.03"]
[Round "4"]
[White "Gagnon, Michel"]
[Black "Rousseau, Daniel"]
[Result "1-0"]
[WhiteElo "2078"]
[BlackElo "2229"]
[PlyCount "95"]
[GameId "2160767912811290"]
[EventDate "1982.10.01"]
[EventType "swiss"]
[EventRounds "5"]
[EventCountry "CAN"]
[SourceTitle "hb 2011"]

1. e4 e5 2. Nf3 Nc6 3. Bb5 a6 4. Bxc6 dxc6 5. O-O f6 6. d4 Bg4 7. dxe5 Qxd1 8. Rxd1 Bxf3 9. gxf3 fxe5 10. Be3 Bd6 11. Nd2 O-O-O 12. Nc4 Ne7 13. Bg5 Rhe8 14. Rd3 h6 15. Bxe7 Rxe7 16. Rad1 Re6 17. Kf1 Be7 18. Rxd8+ Bxd8 19. Ne3 g6 20. Ke2 Bg5 21. Ng4 Bf4 22. h3 Rd6 23. Rd3 Kd7 24. Ne3 Ke6 25. Ng2 Bc1 26. b3 Bg5 27. Ne3 Be7 28. Nc4 Rxd3 29. Kxd3 b5 30. Ne3 h5 31. Ng2 Bg5 32. Ke2 Kd6 33. Ne1 a5 34. Nd3 Bh6 35. a4 g5 36. c4 bxc4 37. bxc4 Bf8 38. c5+ Ke6 39. Kd2 Be7 40. Kc3 Kf6 41. Kc4 g4 42. fxg4 hxg4 43. hxg4 Kg5 44. Nxe5 Bf6 45. Nxc6 Kxg4 46. e5 Bh4 47. e6 Kf5 48. e7 1-0

[Event "Cafe Campus"]
[Site "Montreal CAN"]
[Date "1982.10.03"]
[Round "5"]
[White "Rousseau, Daniel"]
[Black "Wilkin, Alain"]
[Result "1-0"]
[WhiteElo "2229"]
[BlackElo "1793"]
[PlyCount "120"]
[GameId "2160767912811293"]
[EventDate "1982.10.01"]
[EventType "swiss"]
[EventRounds "5"]
[EventCountry "CAN"]
[SourceTitle "hb 2011"]

1. e4 c5 2. Nf3 e6 3. d4 cxd4 4. Nxd4 a6 5. c4 Nf6 6. Nc3 Bb4 7. Bd3 Nc6 8. Nde2 O-O 9. a3 Be7 10. O-O Ne5 11. h3 Nxd3 12. Qxd3 d6 13. Bg5 Qc7 14. Rfd1 Rd8 15. Rac1 b6 16. Qe3 Bb7 17. Kh1 Qc5 18. f3 h6 19. Qxc5 dxc5 20. Bf4 Rxd1+ 21. Rxd1 Bc6 22. Bc7 b5 23. Bd6 Bxd6 24. Rxd6 Rc8 25. cxb5 axb5 26. Nf4 g5 27. Nfe2 b4 28. axb4 cxb4 29. Na2 Bb5 30. Nd4 Bc4 31. Nxb4 Rb8 32. Ndc6 Rb7 33. Rd4 Bb5 34. Ne5 Nd7 35. Ned3 Ra7 36. Nc2 Ra2 37. Na3 Ra1+ 38. Kh2 Bxd3 39. Rxd3 Nc5 40. Rd4 Nb3 41. Rb4 Nd2 42. Kg3 h5 43. Rb5 f6 44. Rb7 Ra2 45. Kf2 Ra1 46. Nc2 Ra4 47. Ke2 Nc4 48. b3 Ra2 49. Kd3 Nb2+ 50. Kd4 Nd1 51. Rc7 Rb2 52. Rc4 Nf2 53. Kc5 Nd3+ 54. Kd6 Nf4 55. g3 Nxh3 56. Kxe6 Kg7 57. Kf5 Rxb3 58. Nd4 Ra3 59. Rc7+ Kh6 60. Kxf6 h4 1-0

[Event "Equinoxe Specialiste"]
[Site "Montreal CAN"]
[Date "1982.09.24"]
[Round "1"]
[White "Dowdall, Chris"]
[Black "Rousseau, Daniel"]
[Result "0-1"]
[WhiteElo "2229"]
[BlackElo "1633"]
[PlyCount "68"]
[GameId "2160767912848169"]
[EventDate "1982.09.24"]
[EventType "swiss"]
[EventRounds "5"]
[EventCountry "CAN"]
[SourceTitle "hb 2011"]

1. d4 Nf6 2. c4 g6 3. Nc3 Bg7 4. e4 d6 5. Nf3 O-O 6. Be2 e5 7. d5 Ne8 8. Bg5 f6 9. Bh4 g5 10. Bg3 f5 11. exf5 Bxf5 12. Nd2 Nf6 13. h3 Qd7 14. Nf1 Na6 15. Ne3 Bg6 16. h4 Nc5 17. hxg5 Nfe4 18. Nxe4 Nxe4 19. Bg4 Qe7 20. Be6+ Kh8 21. Bh4 Nc5 22. Qg4 Rf4 23. Qh3 Nd3+ 24. Kf1 Raf8 25. Ng4 e4 26. Nf6 Nxf2 27. Bxf2 Bxf6 28. g3 Rxf2+ 29. Kxf2 Bd4+ 30. Ke1 Qxg5 31. Bg4 Qe3+ 32. Be2 Bc3+ 33. bxc3 Qxc3+ 34. Kd1 e3 0-1

[Event "Equinoxe Specialiste"]
[Site "Montreal CAN"]
[Date "1982.09.25"]
[Round "2"]
[White "Rousseau, Daniel"]
[Black "Maurer, Serge"]
[Result "1-0"]
[WhiteElo "2229"]
[BlackElo "1759"]
[PlyCount "61"]
[GameId "2160767912848170"]
[EventDate "1982.09.24"]
[EventType "swiss"]
[EventRounds "5"]
[EventCountry "CAN"]
[SourceTitle "hb 2011"]

1. e4 c5 2. Nf3 Nc6 3. d4 cxd4 4. Nxd4 Nf6 5. Nc3 e5 6. Ndb5 d6 7. Bg5 a6 8. Na3 Be6 9. Nc4 Rc8 10. Ne3 Nd4 11. Be2 Qa5 12. O-O Rxc3 13. bxc3 Nxe2+ 14. Qxe2 Nxe4 15. Bh4 Nxc3 16. Qe1 Qc5 17. Kh1 Be7 18. Bxe7 Kxe7 19. f4 f6 20. Qg3 Rg8 21. Rae1 h6 22. fxe5 dxe5 23. Nf5+ Kf7 24. Qh4 Bxf5 25. Rxf5 Re8 26. Ref1 Re6 27. R5f3 Rd6 28. Qh5+ Kf8 29. Qg6 Qc7 30. Qh7 Qf7 31. Rxc3 1-0

[Event "Equinoxe Specialiste"]
[Site "Montreal CAN"]
[Date "1982.09.25"]
[Round "3"]
[White "Sasseville, Jean"]
[Black "Rousseau, Daniel"]
[Result "0-1"]
[WhiteElo "1902"]
[BlackElo "2229"]
[PlyCount "58"]
[GameId "2160767912848171"]
[EventDate "1982.09.24"]
[EventType "swiss"]
[EventRounds "5"]
[EventCountry "CAN"]
[SourceTitle "hb 2011"]

1. c4 Nf6 2. Nc3 g6 3. e4 d6 4. g3 Bg4 5. f3 Be6 6. d4 Bg7 7. Be3 O-O 8. Bd3 c5 9. dxc5 dxc5 10. Bxc5 Nfd7 11. Ba3 Qa5 12. Rc1 Nc6 13. Kf1 f5 14. Kg2 Nde5 15. Nd5 Nxd3 16. Qxd3 fxe4 17. Qxe4 Qd2+ 18. Ne2 Nd4 19. Rhe1 Bh3+ 20. Kh1 Nxf3 21. Red1 Qh6 22. Nef4 Bg4 23. Nxe7+ Kh8 24. Rc2 Ne5 25. Rf1 g5 26. Qxb7 gxf4 27. Rxf4 Rxf4 28. Qxa8+ Rf8 29. Qxa7 Rf1+ 0-1

[Event "Equinoxe Specialiste"]
[Site "Montreal CAN"]
[Date "1982.09.26"]
[Round "5"]
[White "Spraggett, Kevin"]
[Black "Rousseau, Daniel"]
[Result "1-0"]
[WhiteElo "2525"]
[BlackElo "2229"]
[PlyCount "90"]
[GameId "2160767912848173"]
[EventDate "1982.09.24"]
[EventType "swiss"]
[EventRounds "5"]
[EventCountry "CAN"]
[SourceTitle "hb 2011"]

1. e4 e5 2. Nf3 Nc6 3. Bb5 a6 4. Ba4 Nf6 5. O-O Be7 6. Re1 b5 7. Bb3 d6 8. c3 O-O 9. h3 Bb7 10. d4 Re8 11. Nbd2 h6 12. Nf1 Bf8 13. Ng3 g6 14. Bc2 Bg7 15. Bd2 Nd7 16. Be3 Na5 17. b3 c5 18. d5 Bc8 19. a4 bxa4 20. Rxa4 Rb8 21. Nd2 Qc7 22. Qa1 Nb7 23. Rxa6 Nb6 24. f3 Bd7 25. Bf2 Rf8 26. Ngf1 f5 27. Ra7 Ra8 28. Rxa8 Rxa8 29. Qb2 f4 30. Ra1 Qb8 31. Rxa8 Qxa8 32. Bd3 Bf6 33. Nc4 Nxc4 34. Bxc4 Bd8 35. Nd2 Na5 36. b4 Qb8 37. Ba2 cxb4 38. Qxb4 Qxb4 39. cxb4 Nb7 40. Nc4 Kf7 41. Kf1 Ke7 42. Ke2 Bc7 43. Kd3 Kd8 44. Kc3 Kc8 45. Kb3 Kb8 1-0

[Event "Labour Day op"]
[Site "Toronto CAN"]
[Date "1982.09.04"]
[Round "2"]
[White "Rousseau, Daniel"]
[Black "Jodoin, Pierre"]
[Result "1-0"]
[WhiteElo "2100"]
[BlackElo "2040"]
[PlyCount "39"]
[GameId "2160767912848199"]
[EventDate "1982.09.04"]
[EventType "swiss"]
[EventRounds "6"]
[EventCountry "CAN"]
[SourceTitle "hb 2011"]

1. e4 e6 2. d3 c5 3. g3 Nc6 4. Bg2 g6 5. Bf4 d6 6. Nd2 Bg7 7. Nc4 e5 8. Bd2 Nge7 9. Nf3 O-O 10. O-O f5 11. Qc1 fxe4 12. dxe4 Bg4 13. Ng5 Nd4 14. Re1 Qd7 15. Ne3 h6 16. Nxg4 Qxg4 17. f3 Nxf3+ 18. Nxf3 Rxf3 19. Qd1 Raf8 20. Re3 1-0

[Event "Labour Day op"]
[Site "Toronto CAN"]
[Date "1982.09.04"]
[Round "3"]
[White "Dougherty, Michael"]
[Black "Rousseau, Daniel"]
[Result "1-0"]
[WhiteElo "2194"]
[BlackElo "2100"]
[PlyCount "73"]
[GameId "2160767912848200"]
[EventDate "1982.09.04"]
[EventType "swiss"]
[EventRounds "6"]
[EventCountry "CAN"]
[SourceTitle "EXT 2022"]
[Source "ChessBase"]
[SourceDate "2021.10.06"]
[SourceVersion "1"]
[SourceVersionDate "2021.10.06"]
[SourceQuality "1"]

1. d4 Nf6 2. c4 e6 3. Nc3 Bb4 4. e3 c5 5. Nge2 cxd4 6. exd4 d5 7. c5 Ne4 8. Bd2 Nc6 9. Nxe4 dxe4 10. Bxb4 Nxb4 11. Qa4+ Nc6 12. Rd1 Bd7 13. Nc3 O-O 14. Nxe4 e5 15. dxe5 Nxe5 16. Bb5 Qe8 17. Bxd7 Nxd7 18. O-O Ne5 19. Qxe8 Rfxe8 20. Nd6 Re7 21. Rfe1 Kf8 22. b4 Nc6 23. b5 Rxe1+ 24. Rxe1 Nd4 25. Re4 Ne6 26. Nxb7 Ke7 27. c6 f5 28. Re1 Kf6 29. a4 Nc7 30. f4 Nd5 31. g3 Nc3 32. Nc5 Rc8 33. Re6+ Kf7 34. Rd6 Rc7 35. Na6 Re7 36. c7 Re1+ 37. Kg2 1-0

[Event "Labour Day op"]
[Site "Toronto CAN"]
[Date "1982.09.05"]
[Round "4"]
[White "Nickoloff, Bryon"]
[Black "Rousseau, Daniel"]
[Result "1-0"]
[WhiteElo "2320"]
[BlackElo "2100"]
[PlyCount "51"]
[GameId "2160767912848204"]
[EventDate "1982.09.04"]
[EventType "swiss"]
[EventRounds "6"]
[EventCountry "CAN"]
[SourceTitle "hb 2011"]

1. d4 Nf6 2. c4 g6 3. Nc3 Bg7 4. e4 d6 5. Be2 O-O 6. Bg5 c5 7. d5 Nbd7 8. Nf3 h6 9. Bd2 a6 10. a4 b6 11. O-O Rb8 12. h3 Ne8 13. Bf4 Ne5 14. Nxe5 dxe5 15. Be3 g5 16. a5 bxa5 17. Qc2 f5 18. f3 Bd7 19. Bxc5 Qc8 20. Bxe7 Rf7 21. Ba3 f4 22. c5 Bxh3 23. gxh3 Qxh3 24. Rf2 Bf8 25. Rh2 Qg3+ 26. Kh1 1-0

[Event "Labour Day op"]
[Site "Toronto CAN"]
[Date "1982.09.05"]
[Round "5"]
[White "Rousseau, Daniel"]
[Black "Morenz, Robert"]
[Result "0-1"]
[WhiteElo "2100"]
[BlackElo "2111"]
[PlyCount "88"]
[GameId "2160767912848207"]
[EventDate "1982.09.04"]
[EventType "swiss"]
[EventRounds "6"]
[EventCountry "CAN"]
[SourceTitle "hb 2011"]

1. e4 e5 2. Nf3 Nc6 3. Bb5 a6 4. Ba4 Nf6 5. O-O Be7 6. Re1 b5 7. Bb3 O-O 8. a4 Bb7 9. d3 d6 10. Nc3 Nd4 11. Nxd4 exd4 12. Ne2 c5 13. Ng3 d5 14. e5 Ne8 15. Nf5 Bg5 16. f4 g6 17. fxg5 gxf5 18. Qh5 Ng7 19. Qh4 Re8 20. Bf4 Re6 21. Rf1 h5 22. Qf2 c4 23. Ba2 Qb6 24. Rad1 Rd8 25. h3 Rc6 26. Bd2 b4 27. g4 hxg4 28. hxg4 Bc8 29. Kg2 Rg6 30. dxc4 dxc4 31. Kg1 Be6 32. c3 bxc3 33. bxc3 fxg4 34. Bb1 g3 35. Qxg3 d3+ 36. Be3 Qa5 37. Rd2 Nf5 38. Qf4 Qxc3 39. Bc2 Nxe3 40. Qxe3 Qd4 41. Qxd4 Rxg5+ 42. Kf2 Rxd4 43. Ke3 Rd5 44. Bd1 Rgxe5+ 0-1

[Event "Labour Day op"]
[Site "Toronto CAN"]
[Date "1982.09.06"]
[Round "6"]
[White "Bailey, Doug"]
[Black "Rousseau, Daniel"]
[Result "1-0"]
[WhiteElo "2039"]
[BlackElo "2100"]
[PlyCount "81"]
[GameId "2160767912848209"]
[EventDate "1982.09.04"]
[EventType "swiss"]
[EventRounds "6"]
[EventCountry "CAN"]
[SourceTitle "hb 2011"]

1. e4 e5 2. Nf3 Nc6 3. Bb5 a6 4. Ba4 Nf6 5. O-O Be7 6. Re1 b5 7. Bb3 d6 8. c3 O-O 9. h3 Na5 10. Bc2 c5 11. d4 Qc7 12. Nbd2 cxd4 13. cxd4 Nc6 14. d5 Nb4 15. Bb1 a5 16. a3 Na6 17. b4 Bd7 18. Qb3 Rfc8 19. Bb2 Nh5 20. Bd3 Nf4 21. Rac1 Qd8 22. Bf1 Ra7 23. Nxe5 dxe5 24. Bxe5 Ng6 25. Bg3 axb4 26. d6 Bg5 27. Rxc8 Qxc8 28. Nf3 Nc5 29. Qxb4 Bf4 30. Bxf4 Nxf4 31. Rc1 Nfe6 32. Ne5 Ra4 33. Qb1 Rxa3 34. Nd3 Ra6 35. e5 f6 36. f4 Qb7 37. Nxc5 Nxc5 38. Rxc5 Qa7 39. Qb3+ Kf8 40. Qd5 Rc6 41. e6 1-0

[Event "Quebec op"]
[Site "Montreal CAN"]
[Date "1982.08.01"]
[Round "1"]
[White "Rousseau, Daniel"]
[Black "Meloche, Jacques"]
[Result "1-0"]
[WhiteElo "2076"]
[BlackElo "1816"]
[PlyCount "81"]
[GameId "2160767912848253"]
[EventDate "1982.08.01"]
[EventType "swiss"]
[EventRounds "8"]
[EventCountry "CAN"]
[SourceTitle "hb 2011"]

1. e4 e6 2. d4 d5 3. Nd2 dxe4 4. Nxe4 Nd7 5. Nf3 Ngf6 6. Bg5 Be7 7. Bxf6 Nxf6 8. Bd3 Bd7 9. Ne5 Nxe4 10. Bxe4 Bd6 11. Bxb7 Bxe5 12. dxe5 Rb8 13. Qf3 Qg5 14. O-O Qxe5 15. Rad1 Rd8 16. Rxd7 Rxd7 17. Bc6 Ke7 18. Bxd7 Kxd7 19. Qxf7+ Kc6 20. Qf3+ Qd5 21. Qc3+ Kb7 22. Qxg7 Rd8 23. Qxh7 Qxa2 24. b3 Qa5 25. c4 Qe5 26. g3 Rh8 27. Qd3 Qh5 28. Qe4+ c6 29. h4 Qh6 30. b4 Qg7 31. b5 Qd7 32. Rb1 Kc8 33. bxc6 Qd6 34. c7 Kd7 35. c8=Q+ Rxc8 36. Qh7+ Kd8 37. Rb7 Rc7 38. Rb8+ Rc8 39. Qg8+ Ke7 40. Rxc8 Qd1+ 41. Kh2 1-0

[Event "Quebec op"]
[Site "Montreal CAN"]
[Date "1982.08.02"]
[Round "2"]
[White "Leliever, Mark"]
[Black "Rousseau, Daniel"]
[Result "1/2-1/2"]
[WhiteElo "1811"]
[BlackElo "2076"]
[PlyCount "125"]
[GameId "2160767912848257"]
[EventDate "1982.08.01"]
[EventType "swiss"]
[EventRounds "8"]
[EventCountry "CAN"]
[SourceTitle "hb 2011"]

1. e4 e5 2. Nf3 Nc6 3. Bb5 a6 4. Ba4 Nf6 5. O-O b5 6. Bb3 Be7 7. Re1 O-O 8. d4 d6 9. c3 Bg4 10. d5 Na5 11. Bc2 c6 12. dxc6 Qc7 13. Nbd2 d5 14. exd5 Nxd5 15. h3 Bh5 16. g4 Bg6 17. Nf1 Rad8 18. Qe2 Bxc2 19. Qxc2 Nxc6 20. Ng3 Nd4 21. Qd1 Ne6 22. Rxe5 Ndf4 23. Qf1 Rd3 24. Re3 Rfd8 25. Rxd3 Rxd3 26. Be3 Bc5 27. Nf5 g6 28. N5d4 Qd8 29. Rd1 Rxd1 30. Qxd1 Nxh3+ 31. Kh2 Nhf4 32. Qd2 Bd6 33. Nxe6 Nxe6+ 34. Kg1 Qc7 35. Qd5 Bf4 36. Qa8+ Kg7 37. Qa7 Qc6 38. Nd4 Bxe3 39. Nxc6 Bxa7 40. Nxa7 Kf6 41. Nc6 Kg5 42. f3 Kf4 43. Kf2 Nc5 44. Ke2 h5 45. gxh5 gxh5 46. b3 Kg3 47. Nd4 Kf4 48. c4 bxc4 49. bxc4 h4 50. Nb3 Ne6 51. Kf2 h3 52. c5 Ke5 53. Kg3 Kd5 54. Kxh3 Nxc5 55. Nxc5 Kxc5 56. Kg4 Kb4 57. Kf5 Ka3 58. Kf6 Kxa2 59. Kxf7 Kb3 60. f4 a5 61. f5 a4 62. f6 a3 63. Ke8 1/2-1/2

[Event "Quebec op"]
[Site "Montreal CAN"]
[Date "1982.08.03"]
[Round "3"]
[White "Rousseau, Daniel"]
[Black "Meleg, Michael"]
[Result "1-0"]
[WhiteElo "2076"]
[BlackElo "1805"]
[PlyCount "53"]
[GameId "2160767912848265"]
[EventDate "1982.08.01"]
[EventType "swiss"]
[EventRounds "8"]
[EventCountry "CAN"]
[SourceTitle "hb 2011"]

1. e4 Nc6 2. Nf3 d6 3. d4 Nf6 4. Nc3 a6 5. Be2 Bg4 6. Be3 e5 7. d5 Ne7 8. Nh4 Ng6 9. Bxg4 Nxg4 10. Qxg4 Qxh4 11. Qf3 Be7 12. Ne2 Qf6 13. Qh3 Nf4 14. Bxf4 exf4 15. c3 g5 16. Nd4 Qg6 17. O-O-O O-O 18. Nf5 Bf6 19. g3 Rfe8 20. f3 Be5 21. Qf1 c5 22. h4 fxg3 23. hxg5 Qxg5+ 24. Kb1 Kh8 25. Qg2 Rg8 26. Rh4 Qf6 27. Rxh7+ 1-0

[Event "Quebec op"]
[Site "Montreal CAN"]
[Date "1982.08.04"]
[Round "4"]
[White "Fecteau, Martin"]
[Black "Rousseau, Daniel"]
[Result "0-1"]
[WhiteElo "1983"]
[BlackElo "2100"]
[PlyCount "102"]
[GameId "2160767912848272"]
[EventDate "1982.08.01"]
[EventType "swiss"]
[EventRounds "8"]
[EventCountry "CAN"]
[SourceTitle "EXT 2022"]
[Source "ChessBase"]
[SourceDate "2021.10.06"]
[SourceVersion "1"]
[SourceVersionDate "2021.10.06"]
[SourceQuality "1"]

1. e4 e5 2. Nf3 Nc6 3. Bb5 a6 4. Ba4 Nf6 5. O-O Be7 6. Re1 b5 7. Bb3 O-O 8. a4 Bb7 9. c3 d6 10. d4 Re8 11. d5 Na5 12. Bc2 c6 13. dxc6 Bxc6 14. Nbd2 Bf8 15. b4 Nb7 16. Qe2 Qc7 17. Bb2 d5 18. exd5 Nxd5 19. Qe4 g6 20. axb5 Nd6 21. Qh4 axb5 22. Be4 Bg7 23. Bxd5 Bxd5 24. Rxa8 Bxa8 25. Ng5 h6 26. Nge4 Qc6 27. f3 Nf5 28. Qf2 Rd8 29. Nc5 Qd5 30. Bc1 g5 31. Nde4 Nh4 32. Nxg5 Nxg2 33. Qxg2 hxg5 34. Bxg5 Rd6 35. Qh3 Rg6 36. Qc8+ Bf8 37. Ne4 Qc6 38. Qxc6 Bxc6 39. Nf6+ Kh8 40. Rxe5 Bg7 41. Rc5 Bxf6 42. Rxc6 Rxg5+ 43. Kf2 Kg7 44. c4 bxc4 45. Rxc4 Rb5 46. Rg4+ Kf8 47. h4 Be7 48. Kg3 Bxb4 49. Rg5 Bd6+ 50. Kg4 Rb4+ 51. Kh5 Rf4 0-1

[Event "Quebec op"]
[Site "Montreal CAN"]
[Date "1982.08.05"]
[Round "5"]
[White "Rousseau, Daniel"]
[Black "Pelts, Roman"]
[Result "1-0"]
[WhiteElo "2100"]
[BlackElo "2416"]
[PlyCount "127"]
[GameId "2160767912848284"]
[EventDate "1982.08.01"]
[EventType "swiss"]
[EventRounds "8"]
[EventCountry "CAN"]
[SourceTitle "CFC 1982.09"]

1. e4 c5 2. Nf3 e6 3. d4 cxd4 4. Nxd4 Nc6 5. Nc3 d6 6. Be2 Be7 7. O-O Nf6 8. Be3 Bd7 9. f4 Nxd4 10. Bxd4 Bc6 11. Qd3 O-O 12. Qg3 g6 13. Bd3 b5 14. Rae1 b4 15. Nd1 d5 16. e5 Ne4 17. Qh3 Bc5 18. Bxc5 Nxc5 19. Qh6 f5 20. exf6 Qxf6 21. Re5 Nd7 22. Rg5 Qg7 23. Qh3 Rae8 24. Qg3 Rf6 25. Ne3 e5 26. Ng4 Rxf4 27. Rxf4 exf4 28. Qxf4 Qe7 29. h3 Rf8 30. Nh6+ Kh8 31. Qh4 Ne5 32. Nf5 Qf6 33. Nd4 Bd7 34. Nf3 Nxf3+ 35. gxf3 Qxf3 36. Rxg6 Qe3+ 37. Kh2 Rf2+ 38. Rg2 Qf4+ 39. Qxf4 Rxf4 40. Re2 Rf7 41. Re5 Bc6 42. Kg3 Kg7 43. Rg5+ Kh6 44. Rf5 Rxf5 45. Bxf5 d4 46. Kf4 Bd5 47. Ke5 Bg8 48. Kxd4 Kg5 49. Bd7 h5 50. a3 bxa3 51. bxa3 Kf6 52. h4 Ke7 53. Bf5 Bf7 54. Ke5 Be8 55. c4 Bc6 56. Bg6 Bf3 57. Kf5 Kd6 58. Kg5 Be2 59. Bxh5 Bxc4 60. Kf6 Kc5 61. Bf7 Be2 62. h5 Bxh5 63. Bxh5 a5 64. a4 1-0

[Event "Quebec op"]
[Site "Montreal CAN"]
[Date "1982.08.06"]
[Round "6"]
[White "Rousseau, Jean Francois1"]
[Black "Rousseau, Daniel"]
[Result "0-1"]
[WhiteElo "2128"]
[BlackElo "2100"]
[PlyCount "76"]
[GameId "2160767912848292"]
[EventDate "1982.08.01"]
[EventType "swiss"]
[EventRounds "8"]
[EventCountry "CAN"]
[SourceTitle "EXT 2022"]
[Source "ChessBase"]
[SourceDate "2021.10.06"]
[SourceVersion "1"]
[SourceVersionDate "2021.10.06"]
[SourceQuality "1"]

1. e4 e5 2. Nf3 Nc6 3. Bb5 a6 4. Ba4 Nf6 5. O-O Be7 6. Re1 b5 7. Bb3 d6 8. c3 O-O 9. h3 Bb7 10. d4 Re8 11. a4 Bf8 12. d5 Na5 13. Ba2 c6 14. Bg5 Nc4 15. Bxc4 bxc4 16. dxc6 Bxc6 17. Na3 d5 18. exd5 Qxd5 19. Qxd5 Bxd5 20. Rxe5 Bxf3 21. Rxe8 Rxe8 22. gxf3 Bxa3 23. Bxf6 Bxb2 24. Rb1 gxf6 25. Rxb2 Re1+ 26. Kg2 Rc1 27. Rb6 Kf8 28. Rxf6 Ke7 29. Rxa6 Kd7 30. Rh6 Rxc3 31. a5 Ra3 32. Rh4 Ra4 33. Rxh7 c3 34. Rxf7+ Kc6 35. Rf6+ Kd5 36. Rb6 c2 37. Rb5+ Kd4 38. Rb8 c1=Q 0-1